000
00328nam a22001457a 4500
003
SGT
020
_a
978-0-12-384864-2
082
_a
610
_b
S12R
100
_a
RIFFENBURGH, ROBERT H.
245
_a
STATISTICS IN MEDICINE
250
_a
3RD
260
_a
AMSTERDAM U.K.
_b
ACADEMIC PRESS
_c
2012
300
_a
690
942
_2
ddc
_c
BK
999
_c
16950
_d
16950